"Mitteleuropa" und "Südosteuropa" als Planungsraum. - Göttingen : Wallstein-Verl.. - 2010 [Rezension]
| Titel: | "Mitteleuropa" und "Südosteuropa" als Planungsraum. - Göttingen : Wallstein-Verl.. - 2010 [Rezension] |
|---|---|
| Verfasser: | |
| In: |
Vierteljahrschrift für Sozial- und Wirtschaftsgeschichte, Band 99, Heft 1 (2012), Seite 132-133 alle Artikel anzeigen |
| Veröffentlicht: | 2012 |
| Format: | Aufsatz |
| Sprache: | Deutsch |
X
alg: 39505724 001A $01999:12-11-16 001B $01999:01-06-17 $t18:18:24.000 001D $01999:12-11-16 001U $0utf8 001X $00 002@ $0Aox 003@ $0395057248 007A $0395057248 $aHEB 007T $0Herdc0078810m 010@ $ager 011@ $a2012 021A $a"Mitteleuropa" und "Südosteuropa" als Planungsraum. - Göttingen : Wallstein-Verl.. - 2010 [Rezension] 028A $aElvert $dJürgen 031A $d99 $e1 $h132-133 $j2012 039B $aIn $8--Abvc--. Vierteljahrschrift für Sozial- und Wirtschaftsgeschichte. - Stuttgart : Steiner, 1903-. - ISSN 0042-5699 $x201200000990001868 $9047251867 039T $8--Aau--. "Mitteleuropa" und "Südosteuropa" als Planungsraum. - Göttingen : Wallstein-Verl., 2010. - 430 S.. - Ill., Kt.. - ISBN 978-3-8353-0490-1 $9221228438 lok: 39505724 78 exp: 39505724 78 1 #EPN 201B/01 $018-11-16 $t13:36:46.000 201U/01 $0utf8 203@/01 $0791355888 208@/01 $a12-11-16 $be 209A/01 $a/ $f000 $x00 220C/01 $aTitelaufnehmer: pg 220C/01 $aHerkunft: HI Marburg 244Z/01 $2Trx $#arvustused $#recenzijos $#Reviews $#recenziók $#recenzje $#recenzie $#recenze $8--Trx--Rezensionen $x01 $9391357441 247C/01 $82080>Marburg/Lahn, Herder-Institut, Forschungsbibliothek, Bibliographieportal $9336309341
| LEADER | 00000caa a22000002c 4500 | ||
|---|---|---|---|
| 001 | 395057248 | ||
| 003 | DE-603 | ||
| 005 | 20170601181824.0 | ||
| 007 | tu | ||
| 008 | 161112s2012 xx |||| | u00||u|ger c | ||
| 035 | |a (DE-599)HEB395057248 | ||
| 040 | |a DE-603 |b ger |c DE-603 |d DE-603 | ||
| 041 | |a ger | ||
| 100 | 1 | |a Elvert, Jürgen | |
| 245 | 0 | 0 | |a "Mitteleuropa" und "Südosteuropa" als Planungsraum. - Göttingen : Wallstein-Verl.. - 2010 [Rezension] |
| 264 | 0 | |c 2012 | |
| 773 | 0 | 8 | |i In |t Vierteljahrschrift für Sozial- und Wirtschaftsgeschichte |d Stuttgart : Steiner, 1903- |x 0042-5699 |g Band 99, Heft 1 (2012), Seite 132-133 |w (DE-603)047251867 |w (DE-600)200400-8 |
| 787 | 0 | 8 | |i Rezension von |t "Mitteleuropa" und "Südosteuropa" als Planungsraum |d Göttingen : Wallstein-Verl., 2010 |h 430 S., Ill., Kt. |z 9783835304901 |z 3835304909 |w (DE-603)221228438 |
| 924 | 0 | |9 2080 |a (DE-603)791355888 |b DE-2080 |c HES |d d |g / | |


